Manual Michigan de cirugía plástica / (Registro nro. 69336)
[ vista simple ]
| 000 -LEADER | |
|---|---|
| fixed length control field | 02126cam a2200481 i 4500 |
| 001 - CONTROL NUMBER | |
| control field | 69336 |
| 003 - CONTROL NUMBER IDENTIFIER | |
| control field | Mx-PuUPA |
| 005 - DATE AND TIME OF LATEST TRANSACTION | |
| control field | 20210118220957.0 |
| 006 - FIXED-LENGTH DATA ELEMENTS--ADDITIONAL MATERIAL CHARACTERISTICS | |
| fixed length control field | m fo d |
| 007 - PHYSICAL DESCRIPTION FIXED FIELD--GENERAL INFORMATION | |
| fixed length control field | cr mn aaaaaaaa |
| 008 - FIXED-LENGTH DATA ELEMENTS--GENERAL INFORMATION | |
| fixed length control field | 160519s2015 sp a obf 001 0 spa d |
| 020 ## - INTERNATIONAL STANDARD BOOK NUMBER | |
| International Standard Book Number | 9788416004140 |
| -- | 8416004145 |
| 035 ## - SYSTEM CONTROL NUMBER | |
| System control number | (E000000150)E000000150 |
| 040 ## - CATALOGING SOURCE | |
| Original cataloging agency | UtOrBLW |
| Transcribing agency | UtOrBLW |
| Language of cataloging | spa |
| Modifying agency | Mx-PuUPA |
| Description conventions | rda |
| 041 1# - LANGUAGE CODE | |
| Language code of text/sound track or separate title | spa |
| Language code of original | eng |
| 050 #4 - LIBRARY OF CONGRESS CALL NUMBER | |
| Classification number | RD118 |
| Item number | .M45618 2015 |
| 060 #4 - NATIONAL LIBRARY OF MEDICINE CALL NUMBER | |
| Classification number | WO 18.2 |
| Item number | M624 2015a |
| 082 04 - DEWEY DECIMAL CLASSIFICATION NUMBER | |
| Edition number | 23 |
| 130 0# - MAIN ENTRY--UNIFORM TITLE | |
| Uniform title | Michigan manual of plastic surgery. |
| 245 10 - TITLE STATEMENT | |
| Title | Manual Michigan de cirugía plástica / |
| Statement of responsibility, etc. | editores, David L. Brown, Gregory H. Borschel., Benjamin Levi |
| 250 ## - EDITION STATEMENT | |
| Edition statement | Segunda edición |
| 264 #1 - PRODUCTION, PUBLICATION, DISTRIBUTION, MANUFACTURE, AND COPYRIGHT NOTICE | |
| Place of production, publication, distribution, manufacture | Barcelona : |
| Name of producer, publisher, distributor, manufacturer | Lippincott Williams & Wilkins/Wolters Kluwer, |
| Date of production, publication, distribution, manufacture, or copyright notice | 2015 |
| 300 ## - PHYSICAL DESCRIPTION | |
| Extent | 1 recurso en línea (624 páginas) : |
| Other physical details | ilustraciones |
| 336 ## - CONTENT TYPE | |
| Fuente | rdacontent |
| Content type term | texto |
| Content type code | txt |
| 337 ## - MEDIA TYPE | |
| Source | rdamedia |
| Media type term | sin medio |
| Media type code | n |
| 338 ## - CARRIER TYPE | |
| Source | rdacarrier |
| Carrier type term | volumen |
| Carrier type code | nc |
| 347 ## - DIGITAL FILE CHARACTERISTICS | |
| Source | rda |
| File type | archivo de imagen |
| Encoding format | |
| 504 ## - BIBLIOGRAPHY, ETC. NOTE | |
| Bibliography, etc. note | Incluye referencias bibliográficas e índice. |
| 506 ## - RESTRICTIONS ON ACCESS NOTE | |
| Terms governing access | Acceso exclusivo para la comunidad UPAEP vigente. |
| 533 ## - REPRODUCTION NOTE | |
| Type of reproduction | Reproducción electrónica. |
| Place of reproduction | New York, N.Y. : |
| Agency responsible for reproduction | Ovid Technologies, Inc. |
| Note about reproduction | Disponible a través de World Wide Web. |
| 588 ## - SOURCE OF DESCRIPTION NOTE | |
| Source of description note | Recurso en línea; título de la página de título del PDF (OvidEspañol, consultado el 05 de enero de 2021). |
| 650 #0 - SUBJECT ADDED ENTRY--TOPICAL TERM | |
| Topical term or geographic name entry element | Cirugía, Plástica |
| Form subdivision | Manuales |
| 650 12 - SUBJECT ADDED ENTRY--TOPICAL TERM | |
| Topical term or geographic name entry element | Procedimientos quirúrgicos reconstructivos |
| Form subdivision | Contornos |
| 655 ## - INDEX TERM--GENRE/FORM | |
| Genre/form data or focus term | Libros electrónicos |
| 700 1# - ADDED ENTRY--PERSONAL NAME | |
| Personal name | Brown, David L., |
| Fuller form of name | (David Lawrence), |
| Dates associated with a name | 1968- |
| Relator term | editor |
| 700 1# - ADDED ENTRY--PERSONAL NAME | |
| Personal name | Borschel, Gregory H., |
| Relator term | editor |
| 700 1# - ADDED ENTRY--PERSONAL NAME | |
| Personal name | Levi, Benjamin., |
| Relator term | editor |
| 710 2# - ADDED ENTRY--CORPORATE NAME | |
| Corporate name or jurisdiction name as entry element | Ovid Technologies, Inc. |
| 765 08 - ORIGINAL LANGUAGE ENTRY | |
| Relationship information | Traducción de (obra): |
| Main entry heading | Brown, David L., (David Lawrence), 1968- |
| Title | Michigan manual of plastic surgery. |
| 856 40 - ELECTRONIC LOCATION AND ACCESS | |
| Host name | E-Books (Ovid) |
| Uniform Resource Identifier | http://ezproxy.upaep.mx:2048/login?url=http://ovides.ovid.com/Pages/book.aspx?isbn=9788416004140 |
| Link text | Acceso a través de OvidEspañol |
| Public note | -- Usar ID / contraseña de UNISOFT |
| 942 ## - ADDED ENTRY ELEMENTS (KOHA) | |
| Source of classification or shelving scheme | Dewey Decimal Classification |
| Koha item type | Digital |
| Classification part | 617.95 |
No hay ítems disponibles.